| 000 | 00866nam a2200205 a 4500 | ||
|---|---|---|---|
| 003 | 0 | ||
| 005 | 20250315091541.0 | ||
| 008 | 071127s19uu xx 00 eng d | ||
| 050 |
_aPGS HV 3008.P6.S63 _b.Or74 2007 |
||
| 100 | _aOrnelas, Elmore Edward J. | ||
| 245 |
_aThe social and emotional growth of children in Elsie Gaches village / _cElmore Edward J. Ornelas. |
||
| 260 |
_aLas PiƱas City, Philippines : _bSouthville International School and Colleges, _c2007. |
||
| 300 |
_a39 pages : _billustrations ; _c28 cm. |
||
| 504 | _aIncludes bibliographical references. | ||
| 650 |
_aChildren with disabilities _vInstitutional care _zPhilippines. |
||
| 650 |
_aSocial development in children _zPhilippines. |
||
| 650 |
_aEmotional development in children _zPhilippines. |
||
| 650 |
_aResidential care facilities for children _zPhilippines. |
||
| 942 |
_2lcc _cPASS |
||
| 999 |
_c97754 _d97754 |
||